[Event "Reykjavik Chess Congress 2018"]
[Site "Reykjavik"]
[Date "2018.02.04"]
[Round "8"]
[White "Loftsson, Hrafn"]
[Black "Sigurdsson, Birkir Karl"]
[Result "1-0"]
[WhiteElo "2163"]
[BlackElo "1934"]
[Annotator "NA"]
[PlyCount "137"]
[EventDate "2018.??.??"]
[EventType "swiss"]
[EventCountry "ISL"]
[SourceTitle "playchess.com"]
[Source "ChessBase"]
[SourceQuality "1"]
[TimeControl "40/5400+30:900+30"]

1. c4 {[%emt 0:00:00]} e5 {[%emt 0:09:09]} 2. g3 {[%emt 0:00:00]} Nf6 {[%emt 0:00:11]} 3. Bg2 {[%emt 0:00:00]} Nc6 {[%emt 0:00:57]} 4. Nc3 {[%emt 0:00:26]} Bc5 {[%emt 0:00:34]} 5. Nf3 {[%emt 0:00:58]} d6 {[%emt 0:02:33]} 6. d3 {[%emt 0:00:54]} h6 {[%emt 0:01:22]} 7. O-O {[%emt 0:00:59]} O-O {[%emt 0:02:33]} 8. a3 {[%emt 0:00:58]} a5 {[%emt 0:02:13]} 9. e3 {[%emt 0:02:11]} Re8 {[%emt 0:01:49] A29: Englische Eröffnung (Vierspringer-Variante)} 10. b3 {[%emt 0:03:55]} Bg4 {[%emt 0:01:46]} (10... Bf5 11. Nd5 Be6 12. d4 exd4 13. exd4 Ba7 14. Ne3 d5 {½-½ (30) Navara,D (2638)-Sokolov,I (2657) Budva 2009}) 11. h3 {[%emt 0:04:46]} Bh5 {[%emt 0:01:01]} 12. Bb2 {[%emt 0:09:51]} Qd7 {[%emt 0:04:58]} 13. Nd5 {[%emt 0:02:34]} Nxd5 {[%emt 0:03:49]} 14. cxd5 {[%emt 0:00:06]} Bxf3 {[%emt 0:01:55]} 15. Bxf3 $146 {[%emt 0:08:53]} ({Vorgänger:} 15. Qxf3) 15... Ne7 {[%emt 0:00:55]} 16. Bg2 {[%emt 0:03:26]} c6 {[%emt 0:03:09]} 17. dxc6 {[%emt 0:02:06]} bxc6 {[%emt 0:00:35]} 18. d4 {[%emt 0:08:46]} exd4 {[%emt 0:01:38]} 19. Bxd4 {[%emt 0:01:45]} Bxd4 {[%emt 0:01:49]} 20. Qxd4 {[%emt 0:00:19]} Rab8 {[%emt 0:00:36]} 21. Rfd1 {[%emt 0:05:30]} d5 {[%emt 0:03:16]} 22. Rab1 {[%emt 0:02:17]} Nf5 {[%emt 0:07:16]} 23. Qc3 {[%emt 0:07:33]} Ra8 {[%emt 0:07:58] [#]} 24. e4 $1 {[%emt 0:05:11]} Ne7 {[%emt 0:01:27]} 25. Qc5 {[%emt 0:03:57]} Red8 {[%emt 0:02:35]} 26. Rd4 {[%emt 0:03:41]} Qa7 {[%emt 0:02:41]} 27. Rc1 {[%emt 0:01:14]} Qb7 {[%emt 0:01:49]} 28. Rcd1 {[%emt 0:02:54]} Qa7 {[%emt 0:03:25]} 29. Qxa7 {[%emt 0:04:11]} Rxa7 {[%emt 0:00:11]} 30. exd5 {[%emt 0:00:13]} cxd5 {[%emt 0:05:38]} 31. Bxd5 {[%emt 0:07:35]} Nxd5 {[%emt 0:01:01]} 32. Rxd5 {[%emt 0:00:04]} Rxd5 {[%emt 0:00:44]} 33. Rxd5 {[%emt 0:00:05]} Rb7 {[%emt 0:00:20]} 34. Rd3 {[%emt 0:00:11]} g5 {[%emt 0:01:27]} 35. Kf1 {[%emt 0:00:41]} Kg7 {[%emt 0:01:42]} 36. Ke2 {[%emt 0:00:08]} Kg6 {[%emt 0:00:24]} 37. Kd2 {[%emt 0:00:35]} f5 {[%emt 0:01:29]} 38. Kc3 {[%emt 0:02:00]} Rc7+ {[%emt 0:01:23]} 39. Kb2 {[%emt 0:00:38]} Rc6 {[%emt 0:00:59]} 40. b4 {[%emt 0:00:00]} axb4 {[%emt 0:00:36]} 41. axb4 $18 {[%emt 0:01:30]} f4 {[%emt 0:02:18]} 42. b5 {[%emt 0:07:04]} Rb6 {[%emt 0:00:31]} 43. Rb3 {[%emt 0:00:09]} Kf5 {[%emt 0:01:46]} 44. Kc3 {[%emt 0:00:39]} fxg3 {[%emt 0:02:53]} 45. fxg3 {[%emt 0:00:06]} Ke5 {[%emt 0:00:21]} 46. Kc4 {[%emt 0:00:12]} Kd6 {[%emt 0:00:15]} 47. Rd3+ {[%emt 0:00:52]} Kc7 {[%emt 0:00:14]} 48. Kc5 {[%emt 0:03:58]} Rf6 {[%emt 0:00:31]} 49. g4 {[%emt 0:01:33]} Re6 {[%emt 0:02:57]} 50. Rf3 {[%emt 0:02:48]} Re5+ {[%emt 0:02:41]} 51. Kc4 {[%emt 0:00:17]} Re6 {[%emt 0:00:29]} 52. Kd5 {[%emt 0:01:01]} Rd6+ {[%emt 0:03:58]} 53. Kc5 {[%emt 0:00:26]} Re6 {[%emt 0:00:14]} 54. b6+ {[%emt 0:02:43]} Kb8 {[%emt 0:00:51]} 55. Rf8+ {[%emt 0:00:08]} Kb7 {[%emt 0:00:06]} 56. Rf7+ {[%emt 0:00:04]} Kb8 {[%emt 0:00:15]} 57. Rh7 {[%emt 0:00:05]} Re5+ {[%emt 0:04:15]} 58. Kc6 {[%emt 0:00:25]} Re6+ {[%emt 0:00:13]} 59. Kb5 {[%emt 0:00:04]} Re1 {[%emt 0:01:40]} 60. Rxh6 {[%emt 0:01:29]} Rb1+ {[%emt 0:00:17]} 61. Kc6 {[%emt 0:00:17]} Rc1+ {[%emt 0:00:04]} 62. Kd5 {[%emt 0:00:52]} Kb7 {[%emt 0:00:15]} 63. Ke5 {[%emt 0:00:22]} Rf1 {[%emt 0:00:17]} 64. Rf6 {[%emt 0:00:35]} Rh1 {[%emt 0:00:13]} 65. Kf5 {[%emt 0:00:34]} Rxh3 {[%emt 0:00:12]} 66. Kxg5 {[%emt 0:00:04]} Rh1 {[%emt 0:00:11]} 67. Kg6 {[%emt 0:00:12]} Rg1 {[%emt 0:01:53]} 68. g5 {[%emt 0:00:04]} Rh1 {[%emt 0:00:09]} 69. Kg7 {[%emt 0:00:14]} 1-0

[Event "Reykjavik Chess Congress 2018"]
[Site "Reykjavik"]
[Date "2018.02.04"]
[Round "8"]
[White "Ingvason, Johann"]
[Black "Bjornsson, Eirikur K"]
[Result "1-0"]
[WhiteElo "2161"]
[BlackElo "1934"]
[Annotator "NA"]
[PlyCount "75"]
[EventDate "2018.??.??"]
[EventType "swiss"]
[EventCountry "ISL"]
[SourceTitle "playchess.com"]
[Source "ChessBase"]
[SourceQuality "1"]
[TimeControl "40/5400+30:900+30"]

1. e4 {[%emt 0:00:44]} c5 {[%emt 0:03:59]} 2. Nf3 {[%emt 0:00:06]} Nc6 {[%emt 0:00:14]} 3. d4 {[%emt 0:00:12]} cxd4 {[%emt 0:00:07]} 4. Nxd4 {[%emt 0:00:04]} Nf6 {[%emt 0:00:09]} 5. Nc3 {[%emt 0:02:41]} d6 {[%emt 0:00:19]} 6. h3 {[%emt 0:00:46]} e5 {[%emt 0:04:30]} 7. Nde2 {[%emt 0:01:00]} Be7 {[%emt 0:01:25] B56: Classical Sicilian: Unusual Lines} (7... Be6 8. Bg5 Be7 9. Bxf6 Bxf6 10. Nd5 Bxd5 11. Qxd5 O-O 12. c3 Ne7 13. Qb3 Qc7 14. g3 b5 15. Bg2 {½-½ (50) Escobar Forero,A (2482)-Bartholomew,J (2459) Charlotte 2018}) 8. g4 {[%emt 0:00:07]} Be6 {[%emt 0:00:39]} 9. Bg2 {[%emt 0:00:23]} a6 {[%emt 0:02:01]} 10. Be3 {[%emt 0:00:40]} b5 {[%emt 0:01:09]} 11. a3 {[%emt 0:00:51]} O-O $146 {[%emt 0:12:02]} ({Predecessor:} 11... Rc8 12. Qd2 Na5 13. b3 O-O 14. O-O h5 15. g5 Nd7 {1-0 (56) Sergievsky,V-Belov,L Saratov 1966}) 12. Ng3 {[%emt 0:02:57]} Na5 {[%emt 0:14:13]} 13. O-O {[%emt 0:02:21]} Nc4 {[%emt 0:05:17]} 14. Bc1 {[%emt 0:00:49]} Rc8 {[%emt 0:01:48]} 15. Qf3 {[%emt 0:06:35]} Ne8 {[%emt 0:08:48]} 16. Rd1 {[%emt 0:02:30]} Bg5 {[%emt 0:02:13]} 17. Bxg5 {[%emt 0:00:41]} Qxg5 {[%emt 0:02:22]} 18. b3 {[%emt 0:00:13]} Nb6 {[%emt 0:02:19]} 19. Rd3 {[%emt 0:00:24]} g6 {[%emt 0:02:52]} 20. Kh2 {[%emt 0:04:23]} Nd7 {[%emt 0:01:00]} 21. Rad1 {[%emt 0:03:57]} Ndf6 $11 {[%emt 0:06:18]} 22. Qe2 {[%emt 0:03:52]} Kg7 {[%emt 0:02:24]} 23. Kg1 {[%emt 0:00:52]} Rh8 {[%emt 0:02:13]} 24. Rf3 {[%emt 0:14:39]} Nxg4 {[%emt 0:07:07]} 25. hxg4 {[%emt 0:06:48]} Bxg4 {[%emt 0:00:15]} 26. Rdd3 {[%emt 0:00:18]} Qc1+ {[%emt 0:08:29]} 27. Bf1 {[%emt 0:00:48]} Qxa3 {[%emt 0:01:21]} 28. Rxf7+ {[%emt 0:00:38]} Kxf7 {[%emt 0:00:27]} 29. Qxg4 {[%emt 0:00:07]} Nf6 {[%emt 0:02:02]} 30. Rf3 {[%emt 0:00:26]} Kg7 {[%emt 0:02:45]} 31. Qg5 {[%emt 0:06:24]} Rhf8 32. Rxf6 {[%emt 0:00:35]} Rxc3 {[%emt 0:04:28]} 33. Nh5+ {[%emt 0:00:09]} Kg8 {[%emt 0:00:57]} 34. Rxf8+ {[%emt 0:07:51]} Kxf8 {[%emt 0:00:12]} 35. Qd8+ {[%emt 0:00:01]} Kf7 {[%emt 0:00:19]} 36. Qd7+ {[%emt 0:00:02]} Kf8 {[%emt 0:01:05]} 37. Qg7+ {[%emt 0:00:01]} Ke8 {[%emt 0:00:03]} 38. Nf6+ {[%emt 0:00:08]} 1-0

[Event "Reykjavik Chess Congress 2018"]
[Site "Reykjavik"]
[Date "2018.02.04"]
[Round "8"]
[White "Heimisson, Hilmir Freyr"]
[Black "Ptacnikova, Lenka"]
[Result "1-0"]
[WhiteElo "2136"]
[BlackElo "2218"]
[Annotator "NA"]
[PlyCount "83"]
[EventDate "2018.??.??"]
[EventType "swiss"]
[EventCountry "ISL"]
[SourceTitle "playchess.com"]
[Source "ChessBase"]
[SourceQuality "1"]
[TimeControl "40/5400+30:900+30"]

1. d4 {[%emt 0:02:19]} Nf6 {[%emt 0:00:58]} 2. Bf4 {[%emt 0:00:10]} d6 {[%emt 0:01:20]} 3. e3 {[%emt 0:01:26]} g6 {[%emt 0:04:59]} 4. Nf3 {[%emt 0:02:46]} Bg7 {[%emt 0:00:14]} 5. Be2 {[%emt 0:02:11]} O-O {[%emt 0:00:27]} 6. h3 {[%emt 0:00:38]} c6 {[%emt 0:10:28]} 7. O-O {[%emt 0:02:01]} Nbd7 {[%emt 0:02:01]} 8. c4 {[%emt 0:02:50]} Qe8 {[%emt 0:08:33]} 9. Nc3 {[%emt 0:04:34]} e5 {[%emt 0:01:55]} 10. Bh2 {[%emt 0:00:33]} h6 {[%emt 0:07:08] E61: King's Indian: Early deviations for White, including Smyslov System} (10... Qe7 11. Qc2 b6 12. b4 Bb7 13. c5 dxc5 14. bxc5 Ne8 15. cxb6 exd4 16. Nxd4 axb6 17. Rab1 c5 18. Bf3 cxd4 19. Bxb7 {0-1 (71) Tang,A (2466)-Shabalov,A (2563) chess.com INT 2017}) 11. Rc1 {[%emt 0:06:10]} Qe6 $146 {[%emt 0:11:03]} ({Find the theoretical novelty and annotate with similar games:} 11... Qe7 12. b4 Ne8 13. c5 dxc5 14. dxc5 f5 15. Re1 g5 16. Nd2 Kh8 17. Nc4 b6 18. cxb6 axb6 {1-0 (39) Istvandi,L (2285)-Bognar,C (2135) Budapest 1997}) 12. b4 {[%emt 0:12:47]} a6 {[%emt 0:10:02]} 13. Qb3 {[%emt 0:07:12]} Re8 {[%emt 0:05:39]} 14. Qb1 {[%emt 0:05:17]} e4 {[%emt 0:03:48]} 15. Nd2 {[%emt 0:00:31]} Nf8 {[%emt 0:03:47]} 16. Rfd1 {[%emt 0:08:55]} d5 {[%emt 0:02:49]} 17. Na4 {[%emt 0:03:48]} N6d7 {[%emt 0:01:11]} (17... N8d7 $16 {was called for.}) 18. Nb3 {[%emt 0:01:48]} Qe7 {[%emt 0:02:47]} 19. cxd5 {[%emt 0:11:13]} cxd5 {[%emt 0:01:15]} 20. Nbc5 {[%emt 0:00:23]} b5 {[%emt 0:03:42]} 21. Nc3 {[%emt 0:06:18]} Nb6 {[%emt 0:00:57]} 22. a4 {[%emt 0:00:35]} bxa4 {[%emt 0:00:21]} 23. Qa2 {[%emt 0:02:28]} Bb7 {[%emt 0:05:13]} 24. N3xa4 {[%emt 0:01:54]} Nxa4 {[%emt 0:00:21]} 25. Qxa4 {[%emt 0:00:44]} Ne6 {[%emt 0:00:42]} 26. Nxe6 {[%emt 0:01:51]} Qxe6 {[%emt 0:00:24]} 27. Rc7 {[%emt 0:00:29]} Re7 {[%emt 0:01:36]} 28. Rdc1 {[%emt 0:00:07]} Rc8 {[%emt 0:01:37]} 29. Rxc8+ {[%emt 0:04:35]} Bxc8 {[%emt 0:00:04]} 30. Rc6 {[%emt 0:00:41]} Qd7 {[%emt 0:00:47]} 31. Bxa6 {[%emt 0:02:08]} Bb7 {[%emt 0:04:41]} 32. Bxb7 {[%emt 0:01:07]} Qxb7 {[%emt 0:00:04]} 33. b5 {[%emt 0:01:16]} Re8 {[%emt 0:00:19]} 34. Qb3 {[%emt 0:01:22]} Ra8 {[%emt 0:00:25]} 35. Bc7 {[%emt 0:01:38]} Rc8 {[%emt 0:00:24]} 36. Qxd5 {[%emt 0:00:17]} Rxc7 {[%emt 0:01:15]} 37. Qd8+ {[%emt 0:00:07]} Bf8 {[%emt 0:00:33]} 38. Rxc7 {[%emt 0:00:16]} Qxb5 {[%emt 0:00:03]} 39. Rc8 {[%emt 0:00:52]} Qb1+ {[%emt 0:00:14]} 40. Kh2 {[%emt 0:00:00]} Qb4 {[%emt 0:00:02]} 41. Kg3 $18 {[%emt 0:01:21]} (41. Qf6 $142 Qb7 42. Rd8 Qc7+ 43. g3 Qxd8 44. Qxd8) 41... Kg7 {[%emt 0:00:11]} 42. Qxf8+ {[%emt 0:00:20]} 1-0

[Event "Reykjavik Chess Congress 2018"]
[Site "Reykjavik"]
[Date "2018.02.04"]
[Round "8"]
[White "Birkisson, Bjorn Holm"]
[Black "Jensson, Einar Hjalti"]
[Result "1/2-1/2"]
[WhiteElo "2084"]
[BlackElo "2336"]
[Annotator "NA"]
[PlyCount "53"]
[EventDate "2018.??.??"]
[EventType "swiss"]
[EventCountry "ISL"]
[SourceTitle "playchess.com"]
[Source "ChessBase"]
[SourceQuality "1"]
[TimeControl "40/5400+30:900+30"]

1. e4 {[%emt 0:03:41]} c5 {[%emt 0:01:17]} 2. Nf3 {[%emt 0:02:42]} e6 {[%emt 0:01:15]} 3. d4 {[%emt 0:00:26]} cxd4 {[%emt 0:00:04]} 4. Nxd4 {[%emt 0:00:04]} a6 {[%emt 0:02:37]} 5. c4 {[%emt 0:03:22]} Nc6 {[%emt 0:02:15]} 6. Nxc6 {[%emt 0:02:48] B28: Sicilian: 2 Nf3 a6 (O'Kelly Variation)} (6. Nc3 Bb4 7. Be3 Nf6 8. Bd3 Qc7 9. Rc1 b6 10. O-O Nxd4 11. Bxd4 Bc5 12. Be2 Bb7 13. Qd3 Bxd4 14. Qxd4 Qc5 15. Qd3 Bc6 16. a3 {1-0 (42) Dominguez Perez,L (2719)-Polgar,J (2680) Moscow 2009}) 6... bxc6 {[%emt 0:02:18]} 7. Nc3 {[%emt 0:00:41]} c5 {[%emt 0:03:05]} 8. Be2 $146 {[%emt 0:01:40]} ({Predecessor:} 8. Bd3 Ne7 9. O-O g6 10. f4 Bg7 11. f5 Bd4+ 12. Kh1 Bb7 13. fxe6 dxe6 14. Qf3 {1-0 (24) Hollan,M (2283)-Strakos,T (1730) Prague 2015}) 8... Ne7 {[%emt 0:01:52]} 9. Be3 {[%emt 0:09:58]} Nc6 {[%emt 0:00:42]} 10. O-O {[%emt 0:02:45]} Be7 {[%emt 0:00:13]} 11. f4 {[%emt 0:00:31]} O-O {[%emt 0:00:28]} 12. e5 {[%emt 0:03:00]} Qb6 {[%emt 0:04:57]} 13. Na4 {[%emt 0:06:12]} Qc7 {[%emt 0:12:06]} 14. Qe1 {[%emt 0:22:01]} Rb8 {[%emt 0:19:34]} 15. Qf2 {[%emt 0:01:45]} f6 {[%emt 0:02:07]} 16. exf6 {[%emt 0:07:15]} ({Reject} 16. Nxc5 fxe5 17. Na4 exf4 $17) 16... Rxf6 {[%emt 0:00:50]} 17. Bxc5 {[%emt 0:00:38]} Bxc5 {[%emt 0:00:22]} 18. Qxc5 {[%emt 0:00:18]} Rxf4 {[%emt 0:00:22]} 19. Bd3 {[%emt 0:04:21]} Qe5 $16 {[%emt 0:04:32]} 20. Rxf4 {[%emt 0:06:09]} Qxf4 {[%emt 0:00:02]} 21. Qh5 {[%emt 0:00:29]} g6 {[%emt 0:01:27]} 22. Bxg6 {[%emt 0:01:26]} Qd4+ {[%emt 0:00:09]} 23. Kh1 {[%emt 0:00:03]} hxg6 {[%emt 0:00:23]} 24. Qxg6+ {[%emt 0:00:04]} Qg7 {[%emt 0:00:03]} 25. Qe8+ {[%emt 0:00:10]} Qf8 {[%emt 0:00:05]} 26. Qg6+ {[%emt 0:00:09]} Qg7 {[%emt 0:00:51]} 27. Qe8+ {[%emt 0:00:10]} 1/2-1/2

[Event "Reykjavik Chess Congress 2018"]
[Site "Reykjavik"]
[Date "2018.02.04"]
[Round "8"]
[White "Baldursson, Haraldur"]
[Black "Jonsson, Gauti Pall"]
[Result "1-0"]
[WhiteElo "1942"]
[BlackElo "2161"]
[Annotator "NA"]
[PlyCount "75"]
[EventDate "2018.??.??"]
[EventType "swiss"]
[EventCountry "ISL"]
[SourceTitle "playchess.com"]
[Source "ChessBase"]
[SourceQuality "1"]
[TimeControl "40/5400+30:900+30"]

1. d4 {[%emt 0:00:00]} e6 {[%emt 0:00:26]} 2. Nf3 {[%emt 0:00:49]} f5 {[%emt 0:00:37]} 3. c4 {[%emt 0:02:53]} Nf6 {[%emt 0:01:56]} 4. Nc3 {[%emt 0:00:51]} Bb4 {[%emt 0:01:29]} 5. a3 {[%emt 0:02:41]} Bxc3+ {[%emt 0:00:44]} 6. bxc3 {[%emt 0:00:08]} O-O {[%emt 0:01:26]} 7. Qc2 {[%emt 0:02:47]} d6 {[%emt 0:02:03]} 8. a4 {[%emt 0:04:37]} Nc6 {[%emt 0:06:06]} 9. e3 {[%emt 0:05:37]} e5 {[%emt 0:06:57]} 10. Be2 {[%emt 0:03:33]} Qe8 {[%emt 0:11:39]} 11. d5 {[%emt 0:10:11]} Na5 {[%emt 0:04:19]} 12. Ba3 {[%emt 0:05:22]} b6 {[%emt 0:02:45]} 13. Bb4 {[%emt 0:07:24]} Nb7 {[%emt 0:05:21]} 14. a5 {[%emt 0:02:28]} Qg6 {[%emt 0:03:26]} 15. O-O {[%emt 0:03:49]} Qh6 $11 {[%emt 0:05:08]} 16. Ra3 {[%emt 0:09:05]} Ng4 {[%emt 0:05:50]} 17. h3 {[%emt 0:06:08]} Nf6 {[%emt 0:02:12]} 18. Rfa1 {[%emt 0:05:16]} bxa5 {[%emt 0:04:22]} 19. Bxa5 {[%emt 0:00:44]} Nxa5 {[%emt 0:02:17]} 20. Rxa5 {[%emt 0:00:14]} g5 {[%emt 0:03:53]} 21. Nh2 {[%emt 0:06:41]} g4 {[%emt 0:01:14]} 22. hxg4 {[%emt 0:03:46]} fxg4 {[%emt 0:06:10]} 23. g3 {[%emt 0:01:39]} a6 {[%emt 0:01:59]} 24. e4 {[%emt 0:05:33]} Qg5 {[%emt 0:02:51]} 25. c5 {[%emt 0:02:58]} h5 {[%emt 0:02:47]} 26. Bxa6 {[%emt 0:02:23]} h4 {[%emt 0:01:46]} 27. Bxc8 {[%emt 0:01:47]} Raxc8 {[%emt 0:02:48]} 28. Qe2 {[%emt 0:01:12]} hxg3 {[%emt 0:01:14]} 29. fxg3 {[%emt 0:00:24]} Qg6 {[%emt 0:00:47]} 30. R5a4 {[%emt 0:01:37]} c6 {[%emt 0:01:14]} 31. cxd6 {[%emt 0:01:16]} cxd5 {[%emt 0:00:23]} 32. exd5 {[%emt 0:00:28]} Rxc3 {[%emt 0:01:24]} 33. Qxe5 {[%emt 0:00:16]} Rc2 {[%emt 0:01:42]} 34. Rf4 {[%emt 0:01:03]} Qh7 {[%emt 0:04:25]} 35. Nxg4 {[%emt 0:00:21]} Nd7 {[%emt 0:02:30]} 36. Qg5+ {[%emt 0:00:27]} Kh8 {[%emt 0:00:14]} 37. Rxf8+ Nxf8 38. Qf6+ {[%emt 0:01:33]} 1-0

[Event "Reykjavik Chess Congress 2018"]
[Site "Reykjavik"]
[Date "2018.02.04"]
[Round "8"]
[White "Bjarnason, Olafur"]
[Black "Viglundsson, Bjorgvin"]
[Result "0-1"]
[WhiteElo "1818"]
[BlackElo "2167"]
[Annotator "NA"]
[PlyCount "70"]
[EventDate "2018.??.??"]
[EventType "swiss"]
[EventCountry "ISL"]
[SourceTitle "playchess.com"]
[Source "ChessBase"]
[SourceQuality "1"]
[TimeControl "40/5400+30:900+30"]

1. Nf3 {[%emt 0:00:00]} c5 {[%emt 0:00:29]} 2. c4 {[%emt 0:00:05]} g6 {[%emt 0:00:05]} 3. d4 {[%emt 0:01:13] A30: Symmetrical English: Double Fianchetto and Hedgehog} cxd4 {[%emt 0:01:18]} 4. Qxd4 {[%emt 0:04:49]} (4. Nxd4 Nc6 5. e4 Nf6 6. Nc3 d6 7. Be2 Nxd4 8. Qxd4 Bg7 9. Bg5 O-O 10. Qd2 a5 11. O-O a4 12. Rac1 Be6 13. Rfe1 Qa5 14. Bf1 Rfc8 15. b3 axb3 16. axb3 Qb4 17. Nd5 Qxd2 18. Bxd2 Bxd5 19. exd5 Kf8 20. Bc3 Ra3 {½-½ (67) Andreikin,D (2712)-Mamedov,R (2709) Huaian 2017}) 4... Nf6 {[%emt 0:00:27]} 5. Nc3 {[%emt 0:00:46]} Nc6 {[%emt 0:00:14]} 6. Qd1 {[%emt 0:00:51]} Bg7 {[%emt 0:00:30]} 7. e4 {[%emt 0:01:27]} d6 {[%emt 0:00:28]} 8. h3 {[%emt 0:00:47]} O-O {[%emt 0:01:23]} 9. Rb1 {[%emt 0:01:06]} Nd7 $146 {[%emt 0:02:15]} ({Predecessor:} 9... a6 10. Bd3 Nd7 11. Bd2 {1-0 (53) Sarvari,P-Banszky,M (1974) Hungary 2010}) 10. Be3 {[%emt 0:03:05]} Nc5 {[%emt 0:04:18]} 11. Bxc5 {[%emt 0:02:59]} dxc5 {[%emt 0:00:07]} 12. Qxd8 {[%emt 0:00:03]} Rxd8 {[%emt 0:00:16]} 13. Na4 {[%emt 0:05:43]} b6 {[%emt 0:04:42]} 14. Be2 {[%emt 0:03:18]} Bb7 {[%emt 0:02:48]} 15. O-O {[%emt 0:01:44]} Nd4 {[%emt 0:01:55]} 16. Nxd4 {[%emt 0:00:56]} Rxd4 {[%emt 0:00:12]} 17. Nc3 {[%emt 0:02:18]} Rad8 {[%emt 0:01:09]} 18. Nb5 {[%emt 0:03:08]} Rd2 {[%emt 0:05:38]} 19. Bf3 {[%emt 0:02:26]} Rxb2 {[%emt 0:04:28]} 20. Rxb2 {[%emt 0:00:35]} Bxb2 {[%emt 0:00:05]} 21. Nxa7 {[%emt 0:00:19]} Rd2 {[%emt 0:00:37]} 22. Rd1 {[%emt 0:03:52]} Rxd1+ {[%emt 0:05:49]} 23. Bxd1 {[%emt 0:00:19]} Bxe4 {[%emt 0:00:35]} 24. Nc8 {[%emt 0:00:23]} Bd3 {[%emt 0:11:17]} 25. Nxb6 {[%emt 0:01:10]} Ba3 {[%emt 0:03:08]} 26. Bb3 {[%emt 0:03:15]} e5 {[%emt 0:05:04]} 27. Nd5 {[%emt 0:04:58]} Kg7 {[%emt 0:05:56]} 28. Nc7 {[%emt 0:01:33]} f5 {[%emt 0:01:51]} (28... Kf6 $17 29. f3 e4 30. fxe4 Ke5) 29. Nb5 {[%emt 0:00:56]} Bb4 $15 {[%emt 0:01:08]} 30. a4 {[%emt 0:00:59]} e4 {[%emt 0:02:56]} 31. Nd6 {[%emt 0:01:24]} f4 {[%emt 0:01:09]} 32. Nb7 {[%emt 0:10:28]} e3 {[%emt 0:00:30]} 33. fxe3 {[%emt 0:00:14]} fxe3 {[%emt 0:00:09]} 34. Bd1 {[%emt 0:00:24]} Bxc4 {[%emt 0:01:39]} 35. a5 {[%emt 0:00:06]} e2 {[%emt 0:00:41]} 0-1

[Event "Reykjavik Chess Congress 2018"]
[Site "Reykjavik"]
[Date "2018.02.07"]
[Round "9"]
[White "Jensson, Einar Hjalti"]
[Black "Olafsson, Thorvardur"]
[Result "1-0"]
[WhiteElo "2336"]
[BlackElo "2178"]
[Annotator "TA"]
[PlyCount "55"]
[EventDate "2018.??.??"]
[EventType "swiss"]
[EventCountry "ISL"]
[SourceTitle "playchess.com"]
[Source "ChessBase"]
[SourceQuality "1"]

{[%evp 14,55,35,27,60,48,57,56,93,70,110,100,88,95,139,128,144,138,161,161,189,187,225,220,210,212,301,296,330,183,358,352,339,308,321,265,260,237,499,469,621,585,610,610]} 1. d4 Nf6 2. c4 e6 3. Nc3 Bb4 4. Qc2 O-O 5. a3 Bxc3+ 6. Qxc3 d5 7. Nf3 Ne4 8. Qc2 c6 {E37: Nimzo-Indian: Classical: 4...d5 5 a3 Bxc3+ 6 Qxc3 Ne4} (8... c5 9. e3 cxd4 10. Nxd4 e5 11. Nf3 Bf5 12. Bd3 Nd7 13. cxd5 Rc8 14. Qe2 Ndc5 15. Bxe4 Bxe4 16. O-O {0-1 (23) Nechaeva,M (2424)-Gunina,V (2510) Riadh 2017}) 9. Bf4 {[%cal Bc1f4,Bf4h2,Bh2e5][%mdl 32]} Nd7 10. e3 f5 {White is slightly better.} 11. h3 Kh8 $146 ({Predecessor:} 11... b5 12. cxb5 cxb5 13. Bc7 Qe8 14. Qc6 Nb8 15. Qxe8 Rxe8 16. Bxb5 Bd7 17. Bxd7 Nxd7 18. Ne5 a5 19. Rc1 a4 {1-0 (19) Russell,M (2213)-Pradip,T (1960) Nagpur 2008}) 12. Bd3 Qe7 13. O-O g5 14. Bh2 Qg7 15. Ne5 Nef6 16. cxd5 Nxd5 17. Nxd7 Qxd7 18. Be5+ Kg8 19. Qe2 Qf7 (19... Nf6 $142 20. Qd2 Qe7) 20. f4 $18 gxf4 21. exf4 (21. e4 $142 Ne7 22. Bxf4) 21... h6 $2 {[#]} (21... Ne7 22. Rf3 h6 23. Rg3+ Ng6) 22. Rf3 Kh7 23. g4 Rg8 24. Kh1 Bd7 25. Rg1 {Hoping for Rfg3.} c5 $2 (25... Ne7 {was necessary.} 26. Rfg3 Ng6) 26. Rfg3 {White is clearly winning.} Bc6 27. Kh2 {[#] Threatens to win with gxf5.} c4 28. Bb1 {Precision: White = 55%, Black = 30%.} 1-0